00693 2200169 4500245006900000020002200069250002200091100002600113650002100139005001900160260003400179041001400213084000800227300002900235500025000264336000900514 aSeni Rupa Modern b : Edisi RevisicDharsono Sony KartikahText a978-979-3784-81-6 aEd. Revisi Cet. 1 aDharsono Sony Kartika aSeni Rupa Modern a20230929091352 aBandungbRekayasa Sainsc2017 aIndonesia a701 axxiv, 264 hlm. :c24 cm. aBuku ini dirancang dan ditulis sebagai upaya untuk menyediakan bahan ajar pengantar perkuliahan mata kuliah "Tinjauan Seni Rupa Modern", yang didalamnya berisi beberapa definisi dan kajian atas eksistensi perkembangan seni rupa secara universal. atext